| 000 | 00000nam 2200000zi 4500 |
| 001 | 9.927844 |
| 003 | CaOODSP |
| 005 | 20240325154237 |
| 006 | m o d f |
| 007 | cr |n||||||||| |
| 008 | 230927t20232023oncda ob f00| 0 eng d |
| 020 | |a9780660680996 |
| 040 | |aCaOODSP|beng|erda|cCaOODSP |
| 043 | |an-cn--- |
| 086 | 1 |aM34-84/2023E-PDF |
| 100 | 1 |aLulham, Nicole, |eauthor. |
| 245 | 10|aCanada in a changing climate : |bsynthesis report / |cLulham, N., Warren, F.J., Walsh, K.A. and Szwarc, J. |
| 264 | 1|aOttawa : |bGovernment of Canada = Gouvernement du Canada, |c2023. |
| 264 | 4|c©2023 |
| 300 | |a1 online resource (71 pages) : |bcharts, illustrations |
| 336 | |atext|btxt|2rdacontent |
| 337 | |acomputer|bc|2rdamedia |
| 338 | |aonline resource|bcr|2rdacarrier |
| 500 | |aIssued also in French under title: Le Canada dans un climat en changement : rapport de synthèse. |
| 504 | |aIncludes bibliographical references. |
| 650 | 0|aClimatic changes|zCanada|xForecasting. |
| 650 | 0|aClimate change mitigation|xGovernment policy|zCanada. |
| 710 | 1 |aCanada. |bNatural Resources Canada, |eissuing body. |
| 775 | 08|tLe Canada dans un climat en changement : |w(CaOODSP)9.927846 |
| 776 | 0#|tCanada in a changing climate : |w(CaOODSP)9.935974 |
| 856 | 40|qPDF|s4.01 MB|uhttps://publications.gc.ca/collections/collection_2024/rncan-nrcan/M34-84-2023-eng.pdf |